1805 1603 1727 1448 1648 1065 1823 1664 1947 1264 1044 1156 1246 1162 1990 1554 1583 1834 1099 1785 1341 1096 1891 1820 1034 1394 1914 1901 1460 1927 1708 1243 1639 1600 1358 1486 1235 1862 1343 1962 1766 1457 1906 1840 1421 1816 1247 1419 1135 1625 1403 1192 1693 1763 1736 1414 1079 1181 1229 1351 1787 1780 1225 1920 1216 1854 1655 1257 1099 1383 1745 1337 1668 1810 1539 1548 1328 1359 1525 1915 1824 1361 1815 1826 1640 1750 1005 1209 1606 1571 1180 1469 1446 1061 1107 1714 1746 1409 1694 BCNSPRNW ULIB Ver.6.0+V

เปลี่ยนเป็นภาษาไทย

Change to English
 แสดงรายละเอียดบรรณานุกรม
  กลับหน้าหลัก

Brief Record : Get Marc (ISO 2709) : E-mail record : QR code < ปิดหน้าต่าง
LEADER : 00000nam 2200000uu 4500
001    13399113938
003     ULIB
008    110320s||||||||th 000 0 tha d
099    วจ.BQ4190^bป713ก
100 0  เปรมฤดี ศรีวิชัย
245 00 การประเมินโครงการปฏิบัติธรรมของนักศึกษาหลักสูตรพยาบาลศาสตร์บัณฑิต ชั้นปีที่ 4 วิทยาลัยพยาบาลบรมราชชนนี พะเยา/^cเปรมฤดี ศรีวิชัย,สุระพรรณ พนมฤทธิ์และ บัวบาน ยะเนา
260    พะเยา :^bวิทยาลัยพยาบาลบรมราชชนนี พะเยา,^c2553
300    74 หน้า :^bตาราง
500    รายงานการวิจัย
650  7 การปฏิบัติธรรม^xนักศึกษาพยาบาล^xวิจัย
700 0  สุระพรรณ พนมฤทธิ์
700 0  บัวบาน ยะเนา
710 2  วิทยาลัยพยาบาลบรมราชชนนี. ^bพะเยา
945    ^p0^l0^i030969
995    ทศพร
999 ^a ใช้งานได้ทุกระบบ
รายการนี้ยังไม่มีแท็ก
คุณยังไม่ได้ล็อกอิน คุณสามารถมีกิจกรรมร่วมกับเว็บไซต์ได้ แต่ต้องล็อกอินก่อน ::
  ล็อกอิน

รายการสื่อสารสนเทศ

ลำดับที่ ประเภท เลขเรียก/บาร์โค้ด สถานที่ สถานะ
1. งานวิจัย
งานวิจัย
วจ.BQ4190 ป713ก ฉ.1 
  Barcode: 030969
ห้องสมุดวิทยาเขตสวรรค์ประชารักษ์
►วิจัย
บนชั้น

รายการใกล้เคียง
    ผู้แต่ง [เปรมฤดี ศรีวิชัย]

BibComment


ยังไม่เคยถูกคอมเมนท์

คอมเมนท์ทรัพยากรรายการนี้
  คอมเมนท์: การประเมินโครงการ..


 Copyright 2026. Bcnsprnw @Library